000 00314nam a22001217a 4500
008 180424b xxu||||| |||| 00| 0 eng d
041 _aeng
080 _a043.3
100 _a0
101 _aINI-BTH
245 _aStudim preliminar mbi efektin e hirit fluturues në vetitë e betonit
_cKurteshi,B
942 _2udc
_cBK
999 _c45485
_d45485